| 000 | 00708nam a22002290 4500 | ||
|---|---|---|---|
| 001 | ocm0766825663 | ||
| 005 | 20141103134523.0 | ||
| 008 | 021028s2002 eng | ||
| 020 | _a0766825663 | ||
| 050 |
_aRT 41 _b.M484 2002 |
||
| 100 | 1 | _aWhite, Lois. | |
| 245 | 1 | 0 |
_aMedical-surgical nursing : _ban integrated approach / _cLois White, Gena Duncan. |
| 250 | _a2nd ed. | ||
| 260 |
_aAustralia : _bDelmar Thomson Learning, _cc2002. |
||
| 300 |
_axxi, 1110 pages : _bcolored illustrations ; _c28 cm. |
||
| 500 | _aIncludes bibliographical references and index. | ||
| 521 | _aNursing | ||
| 650 | _aNursing. | ||
| 650 | _aSurgical nursing. | ||
| 700 | 1 | _aDuncan, Gena. | |
| 942 |
_2lcc _cBK _kFOR |
||
| 999 |
_c276699 _d276699 |
||